000 00411nam a2200181Ia 4500
001 685
005 20260306140536.0
008 260306t1949||||xx |||||||||||||| ||spa||
041 _aESP
082 _a129.23
_bR86
100 _aRussell, Bertrand
_eAUT
245 0 _aAutoridad e individuo
260 _c1949
300 _a126 páginas :
_c17 cm.
650 _aGEN
654 _aCHU
942 _cLIB
_dJUS
_fJUS
_2ddc
_n
999 _c685
_d685